| 000 | 00610nam a22002057a 4500 | ||
|---|---|---|---|
| 005 | 20171212161351.0 | ||
| 010 | _aENG-121859 | ||
| 020 |
_a9788123777221 _c65.00 |
||
| 035 | _aEN-105391 | ||
| 037 | _bDBAD/PUB | ||
| 082 | _aS | ||
| 100 | _aBasu, Moupia | ||
| 245 |
_aKhoka / _c by Moupia Basu ; Illustrated by Partha Sengupta |
||
| 260 |
_aNew Delhi _bNational Book Trust _c2015 |
||
| 270 |
_aNehru Bhawan, 5 Institutional Area, Phase-II, Vasant Kunj, _bNew Delhi _e110070 |
||
| 300 |
_a156p. _c22cm(pbk) |
||
| 490 | _aNehru Bal Pustakalaya | ||
| 700 | _aSengupta, Partha | ||
| 942 |
_2ddc _cEN _hS _mBAS |
||
| 999 |
_c92263 _d92263 |
||